| 000 | 01539cam a22004214i 4500 | ||
|---|---|---|---|
| 003 | PE-LiUPU | ||
| 005 | 20250731183352.0 | ||
| 008 | 801001r19661966pe a b 000 0 spa | ||
| 035 | _a(Sirsi) a162954 | ||
| 040 |
_aDLC _beng _cDLC _dUBA _dUKMGB _dOCLCO _dOCLCF _dOCLCQ _dPE-LiUPU _erda |
||
| 049 | _aPRUA | ||
| 050 | 0 | 0 |
_aF3430.1.M6 _bK38 |
| 082 | 0 | 0 |
_a738.37 _bK26 |
| 100 | 1 |
_aKauffmann Doig, Federico, _eautor. |
|
| 245 | 1 | 0 |
_aMochica, Nazca, Recuay en la arqueología peruana / _cFederico Kauffmann Doig |
| 264 |
_aLima, _bUniversidad Nacional Mayor de San Marcos, _c1966. |
||
| 300 |
_a96 páginas : _bilustraciones ; _c22 centímetros. |
||
| 336 | _2rdacontent | ||
| 337 | _2rdamedia | ||
| 338 | _2rdacarrier | ||
| 504 | _aBibliografía : página 96. | ||
| 505 | 2 | _aLa cultura mochica -- La costa central -- La cultura nazca -- El estilo recuay y otros -- Sierra central y Sur. | |
| 526 | _aP158 | ||
| 526 | _aP146 | ||
| 526 | _aP17 | ||
| 526 | _aP12 | ||
| 526 | _aP06 | ||
| 650 | 0 | _ala cerámica Mochica. | |
| 650 | 0 |
_acultura Nazca. _9615 |
|
| 650 | 0 |
_ala cerámica Nazca _zPeru. |
|
| 650 | 7 | _aAntigüedades. | |
| 650 | 7 |
_aArqueologia andina _zPeru. |
|
| 650 | 7 |
_aArqueologia pré-colombiana _zPeru. _2larpcal |
|
| 942 |
_2ddc _cBOOK |
||
| 949 |
_a738.37 K26 _wDEWEY _c1 _i74462 _lCATALOGING _mBUL _p30.19 _r0 _sY _tBOOK _u2016-08-12 _xINGENIERIA _0COMPRA _o.STAFF. Colección General |
||
| 999 |
_c11873 _d11873 |
||
| 980 |
_81 _gALBERTO SANCHEZ Responsable de Automatización |
||